000 00301nam a22001217a 4500
008 260429b |||||||| |||| 00| 0 eng d
082 _a001369
100 _aGore, Makarand
245 _aAntomy abd Physiology of Yogic Practices
260 _aDelhi
_bNew Age Books
_c2017
300 _a243p
942 _2ddc
999 _c1366
_d1366